书目信息 |
| 题名: |
之江大学旧址建筑史初探
|
|
| 作者: | 张吉 著 | |
| 分册: | ||
| 出版信息: | 杭州 浙江大学出版社 2009.01 |
|
| 页数: | 171页 | |
| 开本: | 26cm | |
| 丛书名: | ||
| 单 册: | ||
| 中图分类: | TU244.3-092 | |
| 科图分类: | ||
| 主题词: | ||
| 电子资源: | ||
| ISBN: | 978-7-308-06564-1 | |
| 000 | 00974nam0 2200253 450 | |
| 001 | 012009251013 | |
| 005 | 20090429100516.70 | |
| 010 | @a978-7-308-06564-1@dCNY38.00 | |
| 100 | @a20090429d2009 em y0chi0120 ea | |
| 101 | 0 | @achi |
| 102 | @aCN@b330000 | |
| 105 | @aa a 000yy | |
| 106 | @ar | |
| 200 | 1 | @a之江大学旧址建筑史初探@Azhi jiang da xue jiu zhi jian zhu shi chu tan@d= A preliminary study on the architectural history of hangchow university@f张吉著@Fzhang ji zhu@zeng |
| 210 | @a杭州@c浙江大学出版社@d2009.01 | |
| 215 | @a171页@c图@d26cm | |
| 320 | @a有书目 (第169-171页) | |
| 330 | @a本书共分四个部分,主要内容包括了:之江大学旧址建筑概况,之江大学旧址建筑历史信息等。 | |
| 510 | 1 | @aPreliminary study on the architectural history of hangchow university@zeng |
| 601 | 02 | @a之江大学@Azhi jiang da xue@x建筑史@x研究 |
| 690 | @aTU244.3-092@v4 | |
| 701 | 0 | @a张吉@Azhang ji@4著 |
| 801 | 0 | @aCN@bQSSK@c20090429 |
| 905 | @b739510-12@dTU244.3-092@eZ123@f3 | |
| 之江大学旧址建筑史初探= A preliminary study on the architectural history of hangchow university/张吉著.-杭州:浙江大学出版社,2009.01 |
| 171页:图;26cm |
| ISBN 978-7-308-06564-1:CNY38.00 |
| 本书共分四个部分,主要内容包括了:之江大学旧址建筑概况,之江大学旧址建筑历史信息等。 |
| ● |
| 相关链接 |
|
|
|
正题名:之江大学旧址建筑史初探
索取号:TU244.3-092/Z123
 
预约/预借
| 序号 | 登录号 | 条形码 | 馆藏地/架位号 | 状态 | 备注 |
| 1 | 739510 | 207395102 | 建筑库101/101建筑库 104排1列4层/ [索取号:TU244.3-092/Z123] | 在馆 | |
| 2 | 739511 | 207395111 | 建筑库101/101建筑库 104排1列4层/ [索取号:TU244.3-092/Z123] | 在馆 | |
| 3 | 739512 | 207395120 | 建筑库101/101建筑库 104排1列4层/ [索取号:TU244.3-092/Z123] | 在馆 |